<?xml version="1.0" encoding="UTF-8"?>
<collection xmlns="http://www.loc.gov/MARC21/slim">
 <record>
  <leader>02765nam a2200337 i 4500</leader>
  <controlfield tag="001">000072892</controlfield>
  <controlfield tag="003">CZ-PrGP</controlfield>
  <controlfield tag="005">20220305105323.0</controlfield>
  <controlfield tag="007">cr cn</controlfield>
  <controlfield tag="008">191002s2017    xr            000 0 cze</controlfield>
  <datafield tag="STA" ind1=" " ind2=" ">
   <subfield code="a">NEZPRACOVANÝ IMPORT</subfield>
  </datafield>
  <datafield tag="020" ind1=" " ind2=" ">
   <subfield code="a">978-80-246-3302-2</subfield>
   <subfield code="c">150 Kč</subfield>
   <subfield code="q">(online ; pdf)</subfield>
  </datafield>
  <datafield tag="020" ind1=" " ind2=" ">
   <subfield code="a">978-80-246-3269-8</subfield>
   <subfield code="c">220 Kč</subfield>
   <subfield code="q">(print)</subfield>
  </datafield>
  <datafield tag="072" ind1=" " ind2="7">
   <subfield code="a">LAW000000</subfield>
   <subfield code="x">LAW / General</subfield>
   <subfield code="2">bisacsh</subfield>
  </datafield>
  <datafield tag="100" ind1="1" ind2=" ">
   <subfield code="a">Malý, Karel</subfield>
  </datafield>
  <datafield tag="245" ind1="1" ind2="0">
   <subfield code="a">Tři studie o trestním právu v českých zemích v 17. a v první polovině 18. století</subfield>
   <subfield code="c">Karel Malý</subfield>
  </datafield>
  <datafield tag="250" ind1=" " ind2=" ">
   <subfield code="a">1. elektronické vydání</subfield>
  </datafield>
  <datafield tag="264" ind1=" " ind2="1">
   <subfield code="b">Karolinum</subfield>
   <subfield code="c">2017</subfield>
  </datafield>
  <datafield tag="300" ind1=" " ind2=" ">
   <subfield code="a">1 online zdroj (162 stran)</subfield>
  </datafield>
  <datafield tag="336" ind1=" " ind2=" ">
   <subfield code="a">text</subfield>
   <subfield code="b">txt</subfield>
   <subfield code="2">rdacontent</subfield>
  </datafield>
  <datafield tag="337" ind1=" " ind2=" ">
   <subfield code="a">počítač</subfield>
   <subfield code="b">c</subfield>
   <subfield code="2">rdamedia</subfield>
  </datafield>
  <datafield tag="338" ind1=" " ind2=" ">
   <subfield code="a">online zdroj</subfield>
   <subfield code="b">cr</subfield>
   <subfield code="2">rdacarrier</subfield>
  </datafield>
  <datafield tag="520" ind1="3" ind2=" ">
   <subfield code="a">Trestní právo není jen soubor právních předpisů stanovujících, co je trestný čin a jakými tresty má být pachatel postižen. Trestní zákoníky podávají současně také obraz společnosti a její kultury, vypovídají o tom, co je z hlediska zákonodárce předmětem zasluhujícím zvláštní ochranu, a rovněž nám sdělují, jak zákonodárce a společnost chápe právní odpovědnost a jak se vyrovnává s intenzitou trestního postihu. Publikace je věnována rozboru tří zákoníků, které v zemích Koruny české – Království českém, Markrabství moravském a Knížectví slezském – uzákonily právní předpisy o trestu a trestání. Jednalo se o kodifikaci Práva městská Království českého z roku 1579, jejichž platnost byla postupně zavedena i na Moravě a ve Slezsku, Obnovené zřízení zemské, vydané po bělohorském vítězství Ferdinandem II. roku 1627 pro Království české a o rok později i pro Markrabství moravské, a konečně o Hrdelní řád Josefa I. z roku 1707. Autor vychází ze skutečnosti, že trestní právo, jeho podoba a aplikace v právním životě společnosti, bez ohledu na to, zda jde o dobu dávno minulou či současnou, přináší zásadní výpověď o proměnách společenských poměrů, že se v podstatě jedná o koncentrovanou vůli vládnoucích elit, která přesněji než jiné oblasti právního řádu a části právní kultury ukazuje na směřování státní politiky, na postavení jednotlivých společenských skupin a jejich vzájemné vztahy.</subfield>
  </datafield>
  <datafield tag="650" ind1="0" ind2="4">
   <subfield code="a">Právo</subfield>
  </datafield>
  <datafield tag="856" ind1="4" ind2="0">
   <subfield code="u">https://www.bookport.cz/AccountSaml/SignIn/?idp=https://id.vse.cz/idp/shibboleth&amp;returnUrl=/kniha/tri-studie-o-trestnim-pravu-v-ceskych-zemich-v-17-a-v-prvni-polovine-18-stoleti-5670/</subfield>
   <subfield code="y">Plný text</subfield>
  </datafield>
  <datafield tag="BAS" ind1=" " ind2=" ">
   <subfield code="a">BOOKPORT</subfield>
  </datafield>
  <datafield tag="BAS" ind1=" " ind2=" ">
   <subfield code="a">EB</subfield>
  </datafield>
  <datafield tag="LKR" ind1=" " ind2=" ">
   <subfield code="a">PAR</subfield>
   <subfield code="b">000309722</subfield>
   <subfield code="l">UEP01</subfield>
   <subfield code="r">776</subfield>
   <subfield code="m">E-book</subfield>
   <subfield code="n">Tištěná verze</subfield>
  </datafield>
  <datafield tag="993" ind1=" " ind2=" ">
   <subfield code="x">NEPOSILAT</subfield>
   <subfield code="y">EB</subfield>
  </datafield>
 </record>
</collection>
